Score 0/30 Timer 03:00
0 Plays Today
% Correct
Robin
97.1%
Force
94.7%
Smith
93.7%
Raiders
93.3%
Bride
92.9%
Runs
90.2%
Dance
89.2%
Hotel
88.2%
Day
86.7%
Perfect
86.7%
March
85.1%
Thunder
82.8%
Beneath
82.5%
Officer
81.8%
Games
80.6%
% Correct
Aliens
78.9%
Wife
77.5%
Remember
76.7%
Night
75%
American
73.3%
Tibet
70.1%
Taking
68.2%
Chronicles
66.2%
Ocean's
62.9%
Another
59.3%
Finest
46.1%
Man
45.2%
Time
38.9%
Tree
27.7%
Chips
13%

Today's Daily Dose

Missing Word
I Hardly Know Her!

Word Ladder
Sentence Ending

Quick Pick
Female Firsts

Get the Picture
Triathlon Sports

Remove Ads.
Support Sporcle.
Get the best of Sporcle when you Go Orange. This ad-free experience offers more features, more stats, and more fun while also helping to support Sporcle. Thank you for becoming a member.

You're not logged in!

Compare scores with friends on all Sporcle quizzes.
OR
Log In

Show Comments

Extras

Top Quizzes Today


Score Distribution

Your Account Isn't Verified!

In order to create a playlist on Sporcle, you need to verify the email address you used during registration. Go to your Sporcle Settings to finish the process.

Report this User

Report this user for behavior that violates our Community Guidelines.

Details: